Idol, Survivor or Amazing Race? Quiz Stats

 Plays Quiz Updated Feb 18, 2020

Support Sporcle.
Go Orange.
Score 0/30 Timer 05:00
4 Plays Today
Contestant Reality Show % Correct
Kelly Clarkson???
86.6%
Carrie Underwood???
86.4%
Jordin Sparks???
83.7%
Richard Hatch???
81.9%
Taylor Hicks???
78.4%
Fantasia Barrino???
76.9%
Ruben Studdard???
76.2%
Tina Wesson???
75.2%
Sandra Diaz-Twine???
74.7%
Scotty McCreery???
74%
David Cook???
72.9%
Tom Westman???
72.4%
Kris Allen???
69.2%
Aras Baskauskas???
69.1%
Danni Boatwright???
68.1%
Contestant Reality Show % Correct
Wendell Holland???
68%
Adam Klein???
67.9%
Bob Crowley???
67.3%
Sophie Clarke???
64.4%
Maddie Poppe???
63.8%
Uchenna Agu???
57.5%
Chip Arndt???
54.5%
Flo Pesenti???
53.6%
Ernie Halvorsen???
52.9%
Connor O'Leary???
49.3%
Tyler MacNiven???
48.2%
Jessica Graf???
48.2%
Rob Frisbee???
47.9%
Freddy Holliday???
46.7%
Starr Spangler???
46.3%

From the Vault

Memorize 'Em, Find 'Em

by gazzso

Time to test that memory of yours!
Remove Ads.
Support Sporcle.
Get the best of Sporcle when you Go Orange. This ad-free experience offers more features, more stats, and more fun while also helping to support Sporcle. Thank you for becoming a member.

Show Comments

Extras

Top Quizzes Today


Score Distribution

Your Account Isn't Verified!

In order to create a playlist on Sporcle, you need to verify the email address you used during registration. Go to your Sporcle Settings to finish the process.

Report this User

Report this user for behavior that violates our Community Guidelines.

Details: